[Event "Fouesnant op 13th"]
[Site "Fouesnant"]
[Date "2007.10.27"]
[Round "1"]
[White "Iotov, Valentin"]
[Black "Le Razavet, Yannick"]
[Result "1-0"]
[WhiteElo "2509"]
[BlackElo "1834"]
[PlyCount "73"]
[EventDate "2007.10.27"]
[EventType "swiss"]
[EventRounds "9"]
[EventCountry "FRA"]
[SourceTitle "EXT 2008"]
[Source "ChessBase"]
[SourceDate "2007.11.25"]
[SourceVersion "1"]
[SourceVersionDate "2007.11.25"]
[SourceQuality "1"]

1. c4 Nf6 2. Nc3 d6 3. d4 g6 4. e4 Bg7 5. Nf3 0-0 6. Be2 e5 7. 0-0 Nc6 8. d5 Ne7 9. Ne1 Nd7 10. Be3 f5 11. f3 f4 12. Bf2 Nf6 13. c5 g5 14. Rc1 Bd7 15. Qb3 Rb8 16. cxd6 cxd6 17. Bxa7 Ng6 18. Bxb8 Qxb8 19. Qb6 Rf7 20. Bb5 Bf8 21. Bxd7 Nxd7 22. Qa5 Be7 23. Qb5 Bd8 24. Na4 h5 25. Rf2 Nf6 26. Nb6 Ne7 27. a4 g4 28. a5 g3 29. Rfc2 gxh2+ 30. Kh1 Bxb6 31. Qxb6 Nd7 32. Qc7 Qa7 33. Kxh2 Nc5 34. Qxd6 Nb3 35. Rc8+ Nxc8 36. Qg6+ Kf8 37. Rxc8+ 1-0

[Event "Creon op 12th"]
[Site "Creon"]
[Date "2007.08.05"]
[Round "9"]
[White "Favarel, Antoine"]
[Black "Le Razavet, Yannick"]
[Result "1-0"]
[WhiteElo "2067"]
[BlackElo "1849"]
[PlyCount "131"]
[EventDate "2007.07.30"]
[EventType "swiss"]
[EventRounds "9"]
[EventCountry "FRA"]
[SourceTitle "CBM 119 Extra"]
[Source "ChessBase"]
[SourceDate "2007.09.04"]
[SourceVersion "1"]
[SourceVersionDate "2007.09.04"]
[SourceQuality "1"]

1. e4 c5 2. Nf3 d6 3. Bb5+ Bd7 4. Bxd7+ Qxd7 5. 0-0 Nc6 6. c3 Nf6 7. Re1 Qc7 8. d4 cxd4 9. cxd4 e5 10. Nc3 Be7 11. Bg5 0-0 12. Rc1 Rac8 13. dxe5 dxe5 14. Nd5 Qd8 15. Nxe5 Nxd5 16. exd5 Bxg5 17. dxc6 Bxc1 18. Qxc1 bxc6 19. Nc4 Qd4 20. b3 Rfe8 21. Rd1 Qg4 22. Nd6 Rcd8 23. f3 Qe6 24. Nxe8 Rxe8 25. Qd2 c5 26. h3 Qe5 27. Kf2 Qe7 28. Re1 Qf8 29. Qd7 Rxe1 30. Kxe1 Qb8 31. Qe7 Qb4+ 32. Kf1 g6 33. Qxa7 Qd4 34. Qa4 Qe3 35. Qa8+ Kg7 36. Qe4 Qc3 37. Qe2 h5 38. h4 Qa1+ 39. Kf2 Qd4+ 40. Kg3 Qd6+ 41. f4 Qd7 42. a4 Kh6 43. a5 Qd4 44. Qc4 Qe3+ 45. Kh2 Qf2 46. f5 Qxf5 47. a6 Qe5+ 48. g3 Qe7 49. Kg2 Kh7 50. Qc2 Qa7 51. Qa2 f6 52. Qa4 Qe7 53. Qc4 Kg7 54. Kf2 Qa7 55. Qb5 c4+ 56. Kf1 c3 57. Ke2 Qd4 58. Qd3 Qe5+ 59. Kd1 Qc7 60. Kc2 Kh6 61. Qe3+ g5 62. a7 Qa5 63. hxg5+ fxg5 64. Qe6+ Kg7 65. Qe7+ Kg6 66. Qe8+ 1-0

[Event "Hennebont Grand Prix"]
[Site "Hennebont"]
[Date "2006.08.05"]
[Round "1"]
[White "Le Razavet, Yannick"]
[Black "Primault, Loic"]
[Result "1-0"]
[WhiteElo "1749"]
[BlackElo "1499"]
[PlyCount "39"]
[EventDate "2006.08.05"]
[EventType "swiss"]
[EventRounds "7"]
[EventCountry "FRA"]
[SourceTitle "EXT 2007"]
[Source "ChessBase"]
[SourceDate "2006.11.23"]
[SourceVersion "1"]
[SourceVersionDate "2006.11.23"]
[SourceQuality "1"]

1. e4 c5 2. Nf3 d6 3. d4 cxd4 4. Nxd4 Nf6 5. Nc3 a6 6. f3 e6 7. Be3 Be7 8. Qd2 b5 9. 0-0-0 h6 10. g4 g5 11. h4 Ng8 12. hxg5 Bxg5 13. Bxg5 Qa5 14. Ndxb5 axb5 15. Bxb5+ Bd7 16. Qxd6 Qa7 17. Bxd7+ Nxd7 18. Nb5 Qb7 19. Nc7+ Qxc7 20. Qxc7 1-0

[Event "Fouesnant op 11th"]
[Site "Fouesnant"]
[Date "2005.10.28"]
[Round "8"]
[White "Bonnaud, Albert"]
[Black "Le Razavet, Yannick"]
[Result "0-1"]
[WhiteElo "1911"]
[BlackElo "1760"]
[PlyCount "50"]
[EventDate "2005.10.22"]
[EventType "swiss"]
[EventRounds "9"]
[EventCountry "FRA"]
[SourceTitle "EXT 2007"]
[Source "ChessBase"]
[SourceDate "2006.11.23"]
[SourceVersion "1"]
[SourceVersionDate "2006.11.23"]
[SourceQuality "1"]

1. e4 c5 2. c3 d5 3. exd5 Qxd5 4. d4 cxd4 5. cxd4 e5 6. Nf3 Nc6 7. Nc3 Bb4 8. Bd2 Bxc3 9. Bxc3 exd4 10. Nxd4 Nxd4 11. Qxd4 Qxd4 12. Bxd4 Nf6 13. Be2 0-0 14. 0-0 Be6 15. a3 a6 16. Bxf6 gxf6 17. Bf3 Rab8 18. Rac1 Rfd8 19. Rfd1 b5 20. g3 Bc4 21. Rxd8+ Rxd8 22. Rd1 Re8 23. b4 Kf8 24. h4 Bb3 25. Bb7 Bxd1 0-1

[Event "FRA-chT3 0405"]
[Site "France"]
[Date "2005.02.06"]
[Round "5.6"]
[White "Le Razavet, Yannick"]
[Black "El Hamdi, Aissa"]
[Result "1/2-1/2"]
[WhiteElo "1650"]
[BlackElo "1790"]
[PlyCount "159"]
[EventDate "2004.10.10"]
[EventType "team-tourn"]
[EventRounds "9"]
[EventCountry "FRA"]
[SourceTitle "EXT 2007"]
[Source "ChessBase"]
[SourceDate "2006.11.23"]
[SourceVersion "1"]
[SourceVersionDate "2006.11.23"]
[SourceQuality "1"]

1. d4 Nf6 2. c4 d6 3. Nc3 Nbd7 4. e4 e5 5. Nf3 Be7 6. Be2 0-0 7. 0-0 c6 8. Qc2 h6 9. Rd1 Qc7 10. b3 Re8 11. Bb2 Nf8 12. Nh4 N8h7 13. Nf5 Bf8 14. Ba3 Bxf5 15. exf5 e4 16. f3 Qa5 17. Bc1 exf3 18. Bxf3 Rac8 19. Bd2 Qb6 20. Qd3 Nd7 21. Re1 Ne5 22. Rxe5 dxe5 23. Na4 Qxd4+ 24. Qxd4 exd4 25. Nb2 Nf6 26. Nd3 Ne4 27. Be1 Ng5 28. Bg4 f6 29. Bf2 Rcd8 30. Nf4 Ne4 31. Ne6 Nxf2 32. Kxf2 Rd7 33. Rd1 c5 34. Rd3 Bd6 35. Bh5 Rc8 36. g3 Be5 37. Bf3 Kf7 38. Bh5+ Kg8 39. Bf3 a6 40. Ke2 Re7 41. Bd5 Kh7 42. Kf3 Bd6 43. Kg4 b5 44. h4 Rb8 45. h5 Rc8 46. Kf3 b4 47. Ke2 a5 48. Kd2 Ra7 49. Kc2 a4 50. Kb2 axb3 51. axb3 Re8 52. Bc6 Ree7 53. Nf8+ Kg8 54. Ne6 Ra5 55. Ba4 Rea7 56. Kc2 Ra8 57. Kb2 Kf7 58. Kc2 Rxa4 59. bxa4 Rxa4 60. Kb2 Ra7 61. Nd8+ Ke8 62. Ne6 Re7 63. Kb3 Kd7 64. Ka4 Kc6 65. Kb3 Ra7 66. Kb2 Be5 67. Nd8+ Kd6 68. Ne6 Ra3 69. Rxa3 bxa3+ 70. Kxa3 d3 71. Kb3 Bxg3 72. Kc3 Bf2 73. Kxd3 Ke5 74. Nxg7 Kf4 75. Kc2 Ke4 76. Kc3 Bd4+ 77. Kb3 Be5 78. Ka4 Bd6 79. Kb5 Bf8 80. Ne6 1/2-1/2

[Event "FRA-chT3 0405"]
[Site "France"]
[Date "2004.12.05"]
[Round "3.3"]
[White "Thos, Jacques"]
[Black "Le Razavet, Yannick"]
[Result "1-0"]
[WhiteElo "2025"]
[BlackElo "1720"]
[PlyCount "73"]
[EventDate "2004.10.10"]
[EventType "team-tourn"]
[EventRounds "9"]
[EventCountry "FRA"]
[SourceTitle "EXT 2007"]
[Source "ChessBase"]
[SourceDate "2006.11.23"]
[SourceVersion "1"]
[SourceVersionDate "2006.11.23"]
[SourceQuality "1"]

1. e4 e6 2. d4 b6 3. Nf3 Bb7 4. Bd3 Nf6 5. Bg5 Be7 6. Nbd2 d6 7. 0-0 Nbd7 8. Re1 c5 9. c3 Qc7 10. Qe2 a6 11. a4 h6 12. Bxf6 Nxf6 13. dxc5 dxc5 14. Nc4 0-0 15. Qc2 b5 16. Ncd2 c4 17. Bf1 e5 18. b3 cxb3 19. Qxb3 bxa4 20. Rxa4 Nd7 21. Qc2 Nb6 22. Ra5 f6 23. Rb1 Qc6 24. Qb3+ Kh8 25. Qxb6 Qxb6 26. Rxb6 Bd8 27. Rxb7 Bxa5 28. Nh4 Rfc8 29. Nc4 Bxc3 30. Nf5 a5 31. Ncd6 Rf8 32. Rxg7 a4 33. Rg6 Rab8 34. Rxh6+ Kg8 35. Bc4+ Rf7 36. Bxf7+ Kf8 37. Rh8# 1-0

[Event "Brest tt"]
[Site "Brest"]
[Date "2003.04.19"]
[Round "1.5"]
[White "Picart, Laurent"]
[Black "Le Razavet, Yannick"]
[Result "1-0"]
[WhiteElo "2088"]
[BlackElo "1510"]
[PlyCount "85"]
[EventDate "2003.04.??"]
[EventType "team-tourn"]
[EventRounds "1"]
[EventCountry "FRA"]
[SourceTitle "EXT 2005"]
[Source "ChessBase"]
[SourceDate "2004.11.15"]
[SourceVersion "1"]
[SourceVersionDate "2004.11.15"]
[SourceQuality "1"]

1. Nf3 Nc6 2. g3 d5 3. Bg2 Nf6 4. 0-0 e5 5. d3 Bc5 6. Nbd2 0-0 7. e4 Bg4 8. h3 Bh5 9. c3 Qd7 10. b4 dxe4 11. dxe4 Bb6 12. Qc2 Rfe8 13. a4 a6 14. Re1 Rad8 15. Bf1 h6 16. Nh4 Ne7 17. Nc4 Qe6 18. Nxb6 cxb6 19. Be3 Rd6 20. Nf5 Rc6 21. g4 Bg6 22. b5 axb5 23. Bxb5 Bxf5 24. exf5 Qc8 25. Bxc6 Qxc6 26. Rab1 Nd7 27. Red1 Nd5 28. c4 N7f6 29. Qb3 Nxe3 30. Qxe3 Qxc4 31. Qxb6 Nd5 32. Qb3 Qxb3 33. Rxb3 Nf4 34. Rd7 Ra8 35. Rbxb7 Nxh3+ 36. Kg2 Ng5 37. Ra7 Rxa7 38. Rxa7 Kf8 39. a5 Ne4 40. a6 Nd6 41. Ra8+ Ke7 42. a7 Nb5 43. Re8+ 1-0